The Sneetches, and other stories. Written and ... Read More
Available copies
- 2 of 3 copies available at LARL/NWRL Consortium.
Current holds
0 current holds with 3 total copies.
Show Only Available Copies
| Location | Call Number / Copy Notes | Barcode | Shelving Location | Status | Due Date |
|---|---|---|---|---|---|
| Godel Memorial-Warren Library | e SEU (Text) | 35500004946180 | Main | Available | - |
| Godel Memorial-Warren Library | e SEU (Text) | 35500003419031 | Main | Available | - |
| Thief River Falls Public Library | e SEU (Text) | 35500002979084 | Main | Checked out | 07/03/2026 |
Record details
- ISBN: 9780394800899
- ISBN: 9780394900896
- ISBN: 0394900898
- ISBN: 0394800893
- Physical Description: 65 p. illus. 29 cm.
- Publisher: New York, Random House, c1961.
Content descriptions
| Summary, etc.: | Includes four humorous verse fantasies: The ... Read More |
Search for related items by subject
| Subject: | Fantasy. Stories in rhyme. |
| LDR | 01475cam a2200361 4500 | ||
|---|---|---|---|
| 001 | 1773 | ||
| 003 | LARL_NWRL_CONSORTIUM | ||
| 005 | 19870928111305.0 | ||
| 008 | 851001s1961 nyua j 000 0 engm | ||
| 010 | . | ‡a61013972 /L/AC/r85 | |
| 020 | . | ‡a9780394800899 | |
| 020 | . | ‡a9780394900896 | |
| 020 | . | ‡a0394900898 | |
| 020 | . | ‡a0394800893 | |
| 035 | . | ‡a(OCoLC)470409 | |
| 040 | . | ‡aDLC ‡cDLC ‡dm.c. ‡dKRL | |
| 082 | . | ‡a811 | |
| 092 | . | ‡aG | |
| 092 | . | ‡aE | |
| 092 | . | ‡aEASY | |
| 100 | 1 | . | ‡aSeuss, ‡cDr. ‡0(LARL_NWRL_CONSORTIUM)56847 |
| 245 | 1 | 4. | ‡aThe Sneetches, ‡band other stories. ‡cWritten and illustrated by Dr. Seuss. |
| 260 | . | ‡aNew York, ‡bRandom House, ‡cc1961. | |
| 300 | . | ‡a65 p. ‡billus. ‡c29 cm. | |
| 520 | . | ‡aIncludes four humorous verse fantasies: The Sneetches, The Zax, The Many Daves, and What was I Scared of? | |
| 650 | 1. | ‡aFantasy. ‡0(LARL_NWRL_CONSORTIUM)19981 | |
| 650 | 1. | ‡aStories in rhyme. ‡0(LARL_NWRL_CONSORTIUM)162453 | |
| 901 | . | ‡a1773 ‡bOCLC ‡c1773 ‡tbiblio | |

Add to basket
Permalink
Disable Highlighting